书目信息 |
| 题名: |
中国煤矿重大事故中的不安全行为研究
|
|
| 作者: | 陈红 著 | |
| 分册: | ||
| 出版信息: | 北京 科学出版社 2006.09 |
|
| 页数: | 380页 | |
| 开本: | 24cm | |
| 丛书名: | ||
| 单 册: | ||
| 中图分类: | TD77 | |
| 科图分类: | ||
| 主题词: | 煤矿--mei kuang--矿山事故--研究--中国 | |
| 电子资源: | ||
| ISBN: | 7-03-017790-8 | |
| 000 | 00826nam0 2200229 450 | |
| 001 | 012006759640 | |
| 005 | 20061130100542.53 | |
| 010 | @a7-03-017790-8@dCNY58.00 | |
| 100 | @a20061112d2006 km y0chiy0120 ea | |
| 101 | 0 | @achi |
| 102 | @aCN@b110000 | |
| 105 | @aa a 000yy | |
| 200 | 1 | @a中国煤矿重大事故中的不安全行为研究@Azhong guo mei kuang zhong da shi gu zhong de bu an quan xing wei yan jiu@f陈红著@Fchen hong zhu |
| 210 | @a北京@c科学出版社@d2006.09 | |
| 215 | @a380页@c图@d24cm | |
| 320 | @a有书目。 | |
| 330 | @a本书对中国煤矿重大事故发生的特征规律进行系统研究(1203起重大煤矿事故),构建了基于特征源与环境特征交叉维度的中国煤矿重大事故特征规律。 | |
| 606 | 0 | @a煤矿@Amei kuang@x矿山事故@x研究@y中国 |
| 690 | @aTD77@v4 | |
| 701 | 0 | @a陈红@Achen hong@4著 |
| 801 | 0 | @aCN@c20061130 |
| 905 | @a10447@dTD77@eC442 | |
| 中国煤矿重大事故中的不安全行为研究/陈红著.-北京:科学出版社,2006.09 |
| 380页:图;24cm |
| ISBN 7-03-017790-8:CNY58.00 |
| 本书对中国煤矿重大事故发生的特征规律进行系统研究(1203起重大煤矿事故),构建了基于特征源与环境特征交叉维度的中国煤矿重大事故特征规律。 |
| ● |
| 相关链接 |
|
|
|
正题名:中国煤矿重大事故中的不安全行为研究
索取号:TD77/C442
 
预约/预借
| 序号 | 登录号 | 条形码 | 馆藏地/架位号 | 状态 | 备注 |
| 1 | 227372 | 202273725 | 自科库501/501自科库 21排3列4层/ [索取号:TD77/C442] | 在馆 | |
| 2 | 227373 | 202273734 | 期刊室512/501自科库 21排3列4层/ [索取号:TD77/C442] | 在馆 | |
| 3 | 227374 | 202273743 | 自科二线504/504自科库 41排5列6层/ [索取号:TD77/C442] | 在馆 |